000 00835nam a2200241Ia 4500
003 OSt
005 20220923214950.0
006 a|||||r|||| 00| 0
007 ta
008 220922b |||||||| |||| 00| 0 hin d
024 _a174,285
037 _cTextual
040 _aARTS
_cARTS
_bhin
041 _2hin
_ahin
082 _aO152,6x, K7
100 _aगुप्त, शान्तिस्वरूप
245 0 _aहिन्दी साहित्य
_b प्रकीर्ण विचार
246 _aHindī sāhitya: prakīrṇa vichāra
260 _aदिल्ली
_b अशोक प्रका0
_c1967
650 _aहिन्दी साहित्य
_9156264
942 _hO152,6x, K7
_cTEXL
_2CC
999 _c328078
_d328078